Loading...
Spoken sanskrit
| Format: | Printed Book |
|---|---|
| Published: |
Chennai:
The Kuppuswami Sastri Research Institute,
1995.
|
| Subjects: |
| LEADER | 00481nam a22001451a 4500 | ||
|---|---|---|---|
| 020 | |a 9788185170091 | ||
| 082 | |a S 491.2 |b N95 | ||
| 100 | |a |9 148251 | ||
| 245 | |a Spoken sanskrit |c | ||
| 260 | |a Chennai: |b The Kuppuswami Sastri Research Institute, |c 1995. | ||
| 300 | |a 195p. | ||
| 650 | |a Language Sanskrit |9 148252 | ||
| 942 | |c BK | ||
| 999 | |c 43370 |d 43370 | ||
| 952 | |0 0 |1 0 |4 0 |6 S_491_200000000000000_N95 |7 0 |9 62795 |a SSUS |b SSUS |d 2015-01-08 |g 120.00 |o S 491.2 N95 |p 013335 |r 2015-01-08 |v 0.00 |w 2015-01-08 |y BK | ||